Central Library OPAC University of Rajshahi

The white devil / (Record no. 56001)

MARC details
000 -LEADER
fixed length control field 01010nam a2200313 a 4500
001 - CONTROL NUMBER
control field 56001
003 - CONTROL NUMBER IDENTIFIER
rucl marc code BD-RjUL
005 - DATE AND TIME OF LATEST TRANSACTION
control field 20211209080336.0
008 - FIXED-LENGTH DATA ELEMENTS--GENERAL INFORMATION
fixed length control field 161124s1968 enk 001 0 eng d
020 ## - INTERNATIONAL STANDARD BOOK NUMBER
International Standard Book Number 0719043557 (pbk)
International Standard Book Number 41669890
035 ## - SYSTEM CONTROL NUMBER
System control number (BD-RjUL) 56125
040 ## - CATALOGING SOURCE
Original cataloging agency UKM
Transcribing agency UKM
Modifying agency BD-RjUL
Language of cataloging eng
041 ## - LANGUAGE CODE
Language code of text/sound track or separate title eng
082 04 - DEWEY DECIMAL CLASSIFICATION NUMBER
Classification number 822.3
Edition number 23
Author mark and year WEW 1968
100 1# - MAIN ENTRY--PERSONAL NAME
Personal name Webster, John,
Dates associated with a name 1580?-1625?
9 (RLIN) 166703
245 14 - TITLE STATEMENT
Title The white devil /
Statement of responsibility, etc. John Webster ; edited by John Russell Brown.
250 ## - EDITION STATEMENT
Edition statement 2nd ed.
260 ## - PUBLICATION, DISTRIBUTION, ETC. (IMPRINT)
Place of publication, distribution, etc. Manchester ;
-- London:
Name of publisher, distributor, etc. Manchester University Press;
-- Methuen & Co. ltd,
Date of publication, distribution, etc. 1966 [reprinted 1968]
300 ## - PHYSICAL DESCRIPTION
Pagination lxxiii, 205 p. ;
Size 20 cm.
490 1# - SERIES STATEMENT
Series statement Revels student editions
500 ## - GENERAL NOTE
General note Include index
650 #0 - SUBJECT ADDED ENTRY--TOPICAL TERM
Topical term or geographic name as entry element English drama
Chronological subdivision Early modern and Elizabethan, 1500-1600.
9 (RLIN) 159973
Topical term or geographic name as entry element Revenge
Form subdivision Drama.
9 (RLIN) 166704
700 1# - ADDED ENTRY--PERSONAL NAME
Personal name Brown, John Russell.
830 #0 - SERIES ADDED ENTRY--UNIFORM TITLE
Uniform title Revels student editions.
942 ## - ADDED ENTRY ELEMENTS (KOHA)
Source of classification or shelving scheme Dewey Decimal Classification
Koha item type Books
Holdings
Lost status Source of classification or shelving scheme Damaged status Not for loan Collection code Permanent Location Current Location Shelving location Date acquired Source of acquisition Cost, normal purchase price Total Checkouts Full call number Date last seen Copy number Koha item type
  Dewey Decimal Classification     Non-fiction Central Library, University of Rajshahi Central Library, University of Rajshahi   11/04/1964 Zeitlinger 21.00   822.3 WEW 1968 24/11/2016 C-2 Books
  Dewey Decimal Classification   Not For Loan Non-fiction Central Library, University of Rajshahi Central Library, University of Rajshahi Reading Room 07/10/2020       822.3 WEW 1968 07/10/2020 C-1 Books